Statistics for General Knowledge Quiz #118

Click here to take the quiz!

General Stats

  • This quiz has been taken 59,333 times
    (28,279 since last reset)
  • The average score is 11 of 20

Answer Stats

QuestionAnswer% Correct
What is the name of the friendly ghost?Casper
94%
Of the four traditional "precious" stones, which one is green?Emerald
89%
What type of animal cannot turn its eyes but can swivel its head
135° degrees in either direction?
Owl
77%
What Christian religious observance lasts 40 days?Lent
76%
What tribe of warrior women is Wonder Woman said to come from?Amazons
74%
What region voted not to become an independent country in 2014?Scotland
74%
What is the biggest city in Catalonia?Barcelona
71%
What shape's volume is expressed by the formula 4/3 π r3?Sphere
62%
What city were Cato, Scipio, and Crassus from?Rome
60%
If one makes a Faustian bargain, with whom do they bargain?The Devil
59%
Who famously raised wages to $5/day so that his workers could afford to buy the
product they were making?
Henry Ford
57%
What word is a homophone of you and yew?Ewe
55%
Complete the palindrome: "A man, a plan, a canal, ..."Panama!
51%
What artist's New York studio was called "The Factory"?Andy Warhol
48%
What punk rocker band sang "God Save the Queen"?The Sex Pistols
45%
What country is most famous for its castles called Kasbahs?Morocco
36%
In northeast Australia, what large bird are people advised to be "wary" of?Cassowary
33%
What well-known dinosaur is a close relative of the apatosaurus?Brontosaurus
27%
What religious group was famous for "giving" people flowers at airports?Hare Krishna
25%
What brand of perfume by Calvin Klein attracts jaguars and other large cats?Obsession
13%

Score Distribution

Percentile by Number Answered

Percent of People with Each Score

Your Score History

You have not taken this quiz since the last reset